000 00883nam a2200217 u 4500
001 000214208
003 AM-YeHGA
005 20250617124218.0
008 990504s1974 ||||||||||||||||||||rus d
040 _aAM-YeHGA
245 0 0 _aЭфемериды малых планет на 1975 год /
_cРедкол.: Г.А. Чеботарев и др. ; АН СССР. Ин-т теоретической астрономии.
246 3 5 _aEphemerides of minor planets for 1975
260 _aЛенинград :
_bНаука. Ленингр. отд-ние ,
_c1974.
300 _a183 с.
650 1 4 _aПланеты малые
650 1 4 _aЭфемериды малых планет
700 1 _aЧеботарев, Г.А.
_4edt
700 1 _aАшкова, Н.В.
_4edt
710 2 _aИнститут теоретической астрономии АН СССР
090 _c76182
999 _c74954
_d74954